Drapeaux du monde selon l’Australie - Statistiques

Statistiques générales
  • Ce quiz a été pris 325 fois
  • Le résultat moyen est 15 sur 16
Statistiques - réponses
Par images Réponse % Correct
Algérie
99%
Brésil
99%
Chine / Vietnam
99%
Corée du Sud
98%
Kosovo
98%
Maroc
98%
Turquie
98%
Angola
93%
Bosnie-Herzégovine
93%
Liechtenstein
93%
Singapour
93%
Chili
92%
Ouganda
88%
Maldives
82%
Tuvalu
71%
Guinée-Bissau
68%
Aucun quiz correspondant
Distribution des résultats
% des personnes avec chaque résultat
Percentile par nombre de réponses
Votre historique - résultats
Vous n’avez pas pris ce quiz